| 000 | 01606cam a22004097a 4500 | ||
|---|---|---|---|
| 001 | 17436043 | ||
| 003 | Nust- CAS-E | ||
| 005 | 20180118181406.0 | ||
| 008 | 120820s2013 enka b 001 0 eng d | ||
| 010 | _a 2012947510 | ||
| 015 |
_aGBB2B2413 _2bnb |
||
| 016 | 7 |
_a016206068 _2Uk |
|
| 020 | _a9781848214446 (hbk.) | ||
| 020 | _a1848214448 (hbk.) | ||
| 035 | _a(OCoLC)ocn817266464 | ||
| 040 |
_aUKMGB _beng _cUKMGB _dOCLCO _dYDXCP _dBTCTA _dBWK _dYNK _dCUD _dUAT _dCDX _dNLE _dBWX _dDLC |
||
| 042 | _alccopycat | ||
| 050 | 0 | 0 |
_aTK5103.2 _b.J86 2013 |
| 082 | 0 | 4 |
_a621.382 _223 _bJUM-E 2013 |
| 100 | 1 | _aJumira, Oswald. | |
| 245 | 1 | 0 |
_aEnergy efficiency in wireless networks / _cOswald Jumira, Sherali Zeadally. |
| 260 |
_aLondon : _bISTE ; _aHoboken, NJ : _bWiley-Blackwell, _c2013. |
||
| 300 |
_axii, 104 p. : _bill. ; _c24 cm. |
||
| 490 | 1 | _aFocus series in networks and telecommunications | |
| 502 | _a0 | ||
| 504 | _aIncludes bibliographical references (p. [79]-96) and index. | ||
| 650 | 0 |
_aWireless communication systems _xEnergy consumption. |
|
| 650 | 0 |
_aWireless communication systems _xEnergy conservation. |
|
| 700 | 1 | _aZeadally, Sherali. | |
| 830 | 0 | _aFocus series in networks and telecommunications. | |
| 856 | 4 | 2 |
_3Publisher description _uhttp://www.loc.gov/catdir/enhancements/fy1303/2012947510-d.html |
| 856 | 4 | 1 |
_3Table of contents only _uhttp://www.loc.gov/catdir/enhancements/fy1303/2012947510-t.html |
| 906 |
_a7 _bcbc _ccopycat _d2 _encip _f20 _gy-gencatlg |
||
| 942 |
_2ddc _cBK |
||
| 999 |
_c355579 _d355579 |
||